000
00508nam a2200181Ia 4500
008
100917s9999 xx 000 0 und d
082
_b
31576
100
_a
सिनकर श्रीकांत
245
_a
चार्जशीट
260
_b
दिलीप प्रकाशन
_c
1977
300
_a
218
365
_b
18
520
_a
कादंबरी
630
_a
चार्जशीट
650
_a
कादंबरी
730
_a
चार्जशीट
942
_c
BOOK
999
_c
636970
_d
636967